000 01258nam0a2200325 i 4500
001 RU\NLR\bibl\1897094
005 20241103050952.0
010 _a9785480002515
_91500
021 _aRU
_b2012-25819
_91924
035 _a(NLR Aleph) 001886746
090 _a2864712
_c2864712
100 _a20120427d2012 u y0rusy50 ca
101 1 _arus
_cfre
102 _aRU
105 _ay |||||||||
200 1 _aВеликие любовницы
_fКлод Дюфрен
_g[пер. с фр. В.В. Егорова]
210 _aМосква
_cЭтерна
_cПалимпсест
_d2012
215 _a407, [2] с.
_d21
225 1 _aСерия История любви в истории
300 _aЗагл. и авт. ориг.: Les reines de cœur / Claude Dufresne
454 0 _12001#$aLes reines de cœur
_1700#1$aDufresne$bC.$gClaude$4070
_tLes reines de cœur
_aDufresne, Claude
606 _aЖенщины
_jБиографии
_yФранция
_92103285
_3RU\NLR\auth\661575453
606 1 _aФаворитизм
_yФранция
_92162717
_3RU\NLR\auth\661301452
686 _aТ3(4Фр)0-8
700 1 _aДюфрен
_bК.
_gКлод
_4070
801 0 _aRU
_bNLR
_c20120427
_gRCR
801 1 _aRU
_bNLR
_c20120427
942 _cBOOK
980 _aNBR